Name the Network Quiz Stats

 Plays Quiz Updated Jun 15, 2017

Score 0/34 Timer 06:00
2 Plays Today
Show Network % Correct
Grey's AnatomyABC
97.2%
American IdolFOX
94.5%
Law & OrderNBC
92.1%
The Girls Next DoorE!
90.7%
Sports CenterESPN
90.3%
Hannah MontanaDisney Channel
90%
Two and a Half MenCBS
87.8%
The Real WorldMTV
87%
EntourageHBO
85.3%
MythBustersDiscovery Channel
82.1%
SpongeBob SquarePantsNickelodeon
79%
The CloserTNT
76.8%
Anderson Cooper 360CNN
76.5%
The Daily ShowComedy Central
76.4%
My BoysTBS
72.7%
Aqua Teen Hunger ForceCartoon Network
70.9%
The Surreal LifeVH1
70.8%
Show Network % Correct
MonkUSA Network
69.5%
Nip/TuckFX
66.8%
GreekABC Family
64%
WeedsShowtime
63.5%
Gossip GirlThe CW
63%
Top ChefBravo
58.9%
Ice Road TruckersHistory Channel
58.6%
Army WivesLifetime
55.8%
HardballMSNBC
54.3%
Pros vs. JoesSpike TV
53.7%
Mad MenAMC
50.7%
Anthony Bourdain: No ReservationsThe Travel Channel
48.7%
NovaPBS
48.5%
Ghost HuntersSyFy Channel
42.4%
Pit BossAnimal Planet
40.7%
The BeastA&E Network
40.4%
TorchwoodBBC America
21.1%

You're not logged in!

Compare scores with friends on all Sporcle quizzes.
OR
Log In

Sporcle TV

Today on Sporcle TV


Watch our educational content, quiz creation guides, and fun videos on Sporcle TV.

Show Comments

Extras

Top Quizzes Today


Score Distribution

Your Account Isn't Verified!

In order to create a playlist on Sporcle, you need to verify the email address you used during registration. Go to your Sporcle Settings to finish the process.

Report this User

Report this user for behavior that violates our Community Guidelines.

Details: